[Event "SR 3. liga A2 2013/2014"]
[Site "?"]
[Date "2013.10.27"]
[Round "2.1"]
[White "Palka, Martin"]
[Black "Vagovic, Milan"]
[Result "1/2-1/2"]
[WhiteElo "1881"]
[BlackElo "1702"]
[PlyCount "125"]
[EventDate "2013.??.??"]

1. e4 c5 2. Nf3 e6 3. d4 cxd4 4. Nxd4 Nc6 5. Nc3 a6 6. g3 Nf6 7. Bg2 d6 8. O-O
Bd7 9. a4 g6 10. Bg5 Bg7 11. Nb3 Qc7 12. a5 O-O 13. Bf4 Ne8 14. h4 h5 15. Qd2
Ne5 16. Bxe5 Bxe5 17. Nd4 Rc8 18. Rfc1 Qc5 19. Nce2 Bb5 20. c4 Bd7 21. b4 Qa7
22. Rab1 Bg7 23. Nf3 Bc6 24. Ng5 Bh6 25. Qd3 Bd7 26. e5 d5 27. cxd5 Bb5 28. Qd1
Rxc1 29. Rxc1 exd5 30. Bxd5 Bxg5 31. hxg5 Qb8 32. Nf4 Kh7 33. e6 fxe6 34. Nxe6
Rf5 35. Qd4 Qd6 36. Rd1 Be2 37. Rd2 Bg4 38. Nf4 Rxg5 39. Bxb7 Qc7 40. Bxa6 Bf5
41. Qd8 Qc1+ 42. Rd1 Qxf4 43. Qxe8 Qxb4 44. Rd8 Qb1+ 45. Bf1 Qb2 46. Qg8+ Kh6
47. Qf8+ Kh7 48. Qe7+ Kh6 49. Rh8+ Qxh8 50. Qe3 h4 51. a6 hxg3 52. fxg3 Qa8 53.
a7 Be4 54. Be2 Bh1 55. Qf2 Kg7 56. Qd4+ Kh6 57. Qh4+ Kg7 58. Qd4+ Kf7 59. Qd7+
Kf6 60. Qd6+ Kg7 61. Qd7+ Kh6 62. Qh3+ Kg7 63. Qd7+ 1/2-1/2

[Event "SR 3. liga A2 2013/2014"]
[Site "?"]
[Date "2013.10.27"]
[Round "2.1"]
[White "Capanda, Jan"]
[Black "Palka, Miroslav"]
[Result "1/2-1/2"]
[WhiteElo "1466"]
[BlackElo "1924"]
[PlyCount "120"]
[EventDate "2013.??.??"]

1. e4 c5 2. Nf3 d6 3. d4 cxd4 4. Nxd4 Nf6 5. Bd3 g6 6. O-O Bg7 7. Be3 O-O 8. h3
Nc6 9. Ne2 d5 10. exd5 Nxd5 11. Bc1 Qb6 12. c3 Be6 13. Na3 Rad8 14. Qc2 Ne5 15.
Nc4 Nxc4 16. Bxc4 Bf5 17. Qb3 Qxb3 18. axb3 a6 19. Ng3 Bc8 20. Re1 e6 21. b4 b5
22. Bb3 Nf6 23. Bg5 h6 24. Be3 Rd7 25. Bc5 Re8 26. Rad1 Red8 27. Kf1 Bb7 28. f3
Rd2 29. Be3 Rxd1 30. Rxd1 Rxd1+ 31. Bxd1 Bd5 32. Ke2 Nd7 33. Ne4 f5 34. Nc5
Nxc5 35. Bxc5 e5 36. Bc2 Kf7 37. Ke3 Bf6 38. b3 Ke6 39. Bd1 e4 40. Bd4 exf3 41.
gxf3 Be7 42. Kd3 Bc6 43. Bg7 h5 44. Kd4 g5 45. Be2 Bd6 46. Bh8 Bg3 47. Kc5 Bd5
48. c4 bxc4 49. bxc4 Bb7 50. Kb6 Bc8 51. Bc3 Kd6 52. Bd2 g4 53. fxg4 fxg4 54.
hxg4 hxg4 55. Be3 Ke5 56. Bd3 Be1 57. Kc7 Be6 58. b5 Bxc4 59. Bxc4 axb5 60.
Bxb5 g3 1/2-1/2

[Event "SR 3. liga A2 2013/2014"]
[Site "?"]
[Date "2013.10.27"]
[Round "2.1"]
[White "Skapikova, Lubica"]
[Black "Bango, Dominik"]
[Result "1-0"]
[WhiteElo "1893"]
[BlackElo "1498"]
[PlyCount "69"]
[EventDate "2013.??.??"]

1. e4 e5 2. Nf3 Nc6 3. Bb5 a6 4. Ba4 b5 5. Bb3 d6 6. O-O Be7 7. c3 Nf6 8. d3
O-O 9. Nbd2 Bg4 10. Re1 Na5 11. Bc2 c5 12. b3 Be6 13. Nf1 Qc7 14. Ng5 Bd7 15.
f4 h6 16. Nf3 exf4 17. Bxf4 Qb7 18. Ng3 Rfe8 19. Qd2 Bf8 20. Nh4 Nc6 21. Nhf5
Bxf5 22. Nxf5 d5 23. e5 Nd7 24. d4 cxd4 25. cxd4 Bb4 26. Qf2 Bxe1 27. Rxe1 Re6
28. Qg3 g5 29. h4 f6 30. Nxh6+ Kf8 31. hxg5 fxg5 32. Qxg5 Ne7 33. Nf5 Ke8 34.
Nd6+ Rxd6 35. exd6 1-0

[Event "SR 3. liga A2 2013/2014"]
[Site "?"]
[Date "2013.10.27"]
[Round "2.1"]
[White "Strecansky, Lukas"]
[Black "Havlicek, Peter"]
[Result "1-0"]
[WhiteElo "1563"]
[BlackElo "1851"]
[PlyCount "101"]
[EventDate "2013.??.??"]

1. e4 c5 2. d4 cxd4 3. Nf3 Nc6 4. Nxd4 e6 5. Bf4 a6 6. c3 Nf6 7. Bd3 d6 8. Be3
Be7 9. Nd2 Ne5 10. Be2 O-O 11. f4 Ng6 12. Qc2 Bd7 13. h4 e5 14. fxe5 Nxe5 15.
N2f3 Nfg4 16. Bd2 Nxf3+ 17. Nxf3 Ne5 18. g3 b5 19. Bf4 Bf6 20. O-O-O Qb6 21.
Qd2 Be6 22. Be3 Qa5 23. a3 Bb3 24. Rdf1 Nc4 25. Bxc4 Bxc4 26. Rf2 Rac8 27. Nd4
Be5 28. Nf5 Rfd8 29. Ne7+ Kf8 30. Nxc8 Rxc8 31. Bf4 b4 32. Bxe5 dxe5 33. Qd6+
Ke8 34. Qxb4 Qc7 35. Qa4+ Kf8 36. Rd1 Qa7 37. Qd7 Qe3+ 38. Rfd2 Re8 39. Qf5 Bb3
40. Rf1 Rd8 41. Qf2 Qh6 42. g4 Rxd2 43. Qxd2 Qb6 44. Qf2 Qd6 45. Qf5 g6 46. Qf3
Be6 47. Qf6 Qd3 48. Rd1 Qe3+ 49. Kb1 Qxe4+ 50. Ka1 Bd5 51. Qd8+ 1-0

[Event "SR 3. liga A2 2013/2014"]
[Site "?"]
[Date "2013.10.27"]
[Round "2.1"]
[White "Fidericky, Milan"]
[Black "Lezovic, Martin"]
[Result "1-0"]
[WhiteElo "1816"]
[BlackElo "1354"]
[PlyCount "87"]
[EventDate "2013.??.??"]

1. f4 d5 2. Nf3 Nc6 3. g3 Nf6 4. Bg2 g6 5. b3 Bg7 6. Bb2 O-O 7. O-O Bg4 8. h3
Bd7 9. e3 Re8 10. Kh2 Bf5 11. Ne5 Nb4 12. d3 Nd7 13. a3 Nc6 14. Nxc6 bxc6 15.
Bxg7 Kxg7 16. e4 e6 17. exf5 exf5 18. Re1 Qf6 19. Nd2 Rh8 20. Nf3 Nc5 21. Re5
Ne6 22. Qe2 h5 23. h4 Rae8 24. Re1 Re7 25. Qf2 Ra8 26. Nd4 Kf8 27. Nxc6 Rd7 28.
Nb4 c6 29. c4 Rd6 30. cxd5 Nc7 31. Nxc6 Kg7 32. Qc5 Na6 33. Qa5 Nb8 34. Nxb8
Rxb8 35. Qc3 Kf8 36. b4 Kg7 37. Qc7 Rbb6 38. Rc1 a5 39. Rc6 Ra6 40. b5 Raxc6
41. bxc6 Kh6 42. Qe7 a4 43. Qxf6 Rxf6 44. c7 1-0

[Event "SR 3. liga A2 2013/2014"]
[Site "?"]
[Date "2013.10.27"]
[Round "2.2"]
[White "Abel, Peter"]
[Black "Horak, Ivan"]
[Result "0-1"]
[WhiteElo "2188"]
[BlackElo "2070"]
[PlyCount "88"]
[EventDate "2013.??.??"]

1. c4 c6 2. e4 d5 3. exd5 cxd5 4. d4 Nf6 5. Nc3 e6 6. Nf3 Be7 7. Bf4 a6 8. c5
O-O 9. Bd3 Re8 10. O-O Nc6 11. a3 Nh5 12. Be3 g6 13. Na4 Bf6 14. Nb6 Ra7 15.
Be2 Ng7 16. g4 Nb8 17. Rc1 Nd7 18. Nxc8 Qxc8 19. b4 Ra8 20. Qb3 Qc7 21. a4 h5
22. h3 hxg4 23. hxg4 Rad8 24. b5 axb5 25. axb5 e5 26. g5 e4 27. c6 exf3 28.
cxd7 Qxd7 29. Bxf3 Be7 30. b6 Bd6 31. Kg2 Bb8 32. Rh1 Nf5 33. Rh3 Nxe3+ 34.
fxe3 Qe7 35. Kf2 Qxg5 36. Rg1 Qf6 37. Rh5 Kg7 38. Rxd5 Rxd5 39. Qxd5 Qxb6 40.
Qxb7 Qe6 41. Re1 Qh3 42. Rg1 Qh4+ 43. Ke2 Qxd4 44. Rxg6+ Kf8 0-1

[Event "SR 3. liga A2 2013/2014"]
[Site "?"]
[Date "2013.10.27"]
[Round "2.2"]
[White "Sefcik, Marek"]
[Black "Mihalik, Marek"]
[Result "1/2-1/2"]
[WhiteElo "2030"]
[BlackElo "2031"]
[PlyCount "59"]
[EventDate "2013.??.??"]

1. Nc3 c5 2. Ne4 e6 3. Ng3 Nc6 4. e4 d5 5. f4 dxe4 6. Nxe4 Nf6 7. Nf2 Bd6 8. d3
Qc7 9. g3 e5 10. fxe5 Nxe5 11. Bg2 O-O 12. Ne2 Neg4 13. O-O Re8 14. Ne4 Nxe4
15. Bxe4 Be5 16. c3 Bd7 17. Qb3 Bc8 18. Bf4 Nf6 19. Bg2 Rb8 20. Rae1 Be6 21.
Qa3 Bd5 22. Bxe5 Rxe5 23. Nf4 Rxe1 24. Rxe1 Bxg2 25. Nxg2 b6 26. Qa4 h6 27. Qc4
Qd7 28. Nf4 Rd8 29. Rd1 Nd5 30. Qxd5 1/2-1/2

[Event "SR 3. liga A2 2013/2014"]
[Site "?"]
[Date "2013.10.27"]
[Round "2.2"]
[White "Manak, Jozef"]
[Black "Chabada, Tomas"]
[Result "0-1"]
[WhiteElo "1998"]
[BlackElo "1972"]
[PlyCount "40"]
[EventDate "2013.??.??"]

1. e4 e5 2. Nc3 Nf6 3. g3 Bc5 4. Bg2 Nc6 5. Nge2 d6 6. Na4 Bg4 7. Nxc5 dxc5 8.
O-O Qd7 9. d3 Bh3 10. f4 h5 11. fxe5 Nxe5 12. Bg5 Bxg2 13. Kxg2 h4 14. Rf5 Ng6
15. Bxf6 gxf6 16. Nf4 hxg3 17. hxg3 Nxf4+ 18. gxf4 O-O-O 19. Rh5 Rdg8+ 20. Kh1
Qh3+ 0-1

[Event "SR 3. liga A2 2013/2014"]
[Site "?"]
[Date "2013.10.27"]
[Round "2.2"]
[White "Kovarik, Oto"]
[Black "Bincik, Pavol"]
[Result "1-0"]
[WhiteElo "1925"]
[BlackElo "1952"]
[PlyCount "109"]
[EventDate "2013.??.??"]

1. e4 c6 2. d4 d5 3. Nd2 dxe4 4. Nxe4 Bf5 5. Ng3 Bg6 6. Nf3 Nf6 7. Bd3 Bxd3 8.
Qxd3 e6 9. O-O Qc7 10. c4 Nbd7 11. Re1 O-O-O 12. Be3 Ng4 13. Rad1 Nxe3 14. fxe3
Nf6 15. Ne4 h6 16. a3 Be7 17. b4 Nxe4 18. Qxe4 Rhe8 19. Qb1 g5 20. Qe4 Bf6 21.
a4 Bg7 22. b5 f5 23. Qb1 g4 24. Nh4 Qf7 25. g3 Rd7 26. a5 cxb5 27. cxb5 Kb8 28.
Ng2 Red8 29. Nf4 Rc7 30. Qb3 e5 31. Qxf7 Rxf7 32. Ne6 Re8 33. Nxg7 Rxg7 34. Rf1
Rf7 35. e4 exd4 36. Rxd4 Ref8 37. b6 a6 38. exf5 Kc8 39. Rc1+ Kb8 40. Rc5 h5
41. Rf4 Rf6 42. Kg2 Rc6 43. Rxc6 bxc6 44. h3 Kb7 45. hxg4 hxg4 46. f6 c5 47.
Kf2 Kc6 48. f7 Kd6 49. Ke3 Ke7 50. Kd3 Rd8+ 51. Kc4 Kf8 52. Kxc5 Rc8+ 53. Kd6
Rc3 54. b7 Rb3 55. Kc7 1-0

[Event "SR 3. liga A2 2013/2014"]
[Site "?"]
[Date "2013.10.27"]
[Round "2.2"]
[White "Mihalik, Anton"]
[Black "Kahanek, Jaroslav"]
[Result "1-0"]
[WhiteElo "1942"]
[BlackElo "1861"]
[PlyCount "123"]
[EventDate "2013.??.??"]

1. c4 e5 2. Nc3 Nc6 3. Nf3 Nf6 4. g3 Be7 5. Bg2 O-O 6. O-O a6 7. a3 Rb8 8. b4
b5 9. cxb5 axb5 10. Bb2 d6 11. e3 h6 12. Qc2 Na7 13. d4 exd4 14. Nxd4 c5 15.
Nf5 Be6 16. Rfd1 Qc7 17. Nxe7+ Qxe7 18. Qd2 Rfd8 19. Nd5 Nxd5 20. Bxd5 Bxd5 21.
Qxd5 c4 22. Rd2 Rbc8 23. Bc3 Rd7 24. Rad1 Rc6 25. Rd4 Qe6 26. Qf3 f6 27. Re4
Qf7 28. Rg4 d5 29. Rgd4 Rcd6 30. Qf4 Qe7 31. e4 Nc6 32. Rxd5 Rxd5 33. Rxd5 Rxd5
34. exd5 Ne5 35. Kf1 Qd6 36. Qe4 Kf7 37. f4 Nd7 38. f5 Ne5 39. Ke2 g6 40. fxg6+
Nxg6 41. Ke3 Nf8 42. Qd4 Nd7 43. Qe4 Nf8 44. Kd2 Qa6 45. Bb2 Qa7 46. Qd4 Qxd4+
47. Bxd4 Nd7 48. Kc3 Ne5 49. a4 bxa4 50. b5 a3 51. b6 a2 52. Kb2 c3+ 53. Kxa2
Nc4 54. Kb3 Nd6 55. Kxc3 Ke8 56. Kb4 f5 57. Ka5 Kd7 58. Ka6 Kc8 59. Be5 Nb7 60.
d6 Kb8 61. d7+ Ka8 62. Kb5 1-0

[Event "SR 3. liga A2 2013/2014"]
[Site "?"]
[Date "2013.10.27"]
[Round "2.2"]
[White "Husek, Lubomir"]
[Black "Gono, Michal"]
[Result "0-1"]
[WhiteElo "1829"]
[BlackElo "1941"]
[PlyCount "100"]
[EventDate "2013.??.??"]

1. c4 f5 2. Nc3 Nf6 3. g3 g6 4. b3 Bg7 5. Bb2 O-O 6. Bg2 e5 7. e3 Na6 8. Nge2
Nb4 9. d4 e4 10. Nc1 a5 11. a3 Nc6 12. O-O b6 13. N1e2 Ba6 14. Re1 Qe8 15. Nf4
Ne7 16. d5 g5 17. Nfe2 Ng4 18. Nd4 Ne5 19. Ra2 d6 20. Ne6 Qg6 21. Nxg7 Kxg7 22.
Ne2 Kg8 23. Nd4 a4 24. Nb5 Nd3 25. bxa4 Bxb5 26. axb5 Nxb2 27. Rxb2 Rxa3 28.
Rb3 Ra4 29. Qd4 Rfa8 30. Rbb1 Qg7 31. Qxg7+ Kxg7 32. Rbc1 g4 33. h3 h5 34. hxg4
hxg4 35. Bf1 Ng6 36. Be2 Ne5 37. Kg2 Ra2 38. Rb1 R8a3 39. Bf1 Rc3 40. Rec1 Rxe3
41. Ra1 Rea3 42. Rxa2 Rxa2 43. Rc3 Kf6 44. Kg1 Nf3+ 45. Kg2 Ke5 46. Re3 Kd4 47.
Be2 Ne5 48. Bf1 Nxc4 49. Rb3 Nd2 50. Rb4+ Kc5 0-1

[Event "SR 3. liga A2 2013/2014"]
[Site "?"]
[Date "2013.10.27"]
[Round "2.2"]
[White "Nemsak, Denis"]
[Black "Hrubos, Milan"]
[Result "1-0"]
[WhiteElo "1913"]
[BlackElo "1772"]
[PlyCount "81"]
[EventDate "2013.??.??"]

1. c4 Nf6 2. Nc3 c5 3. g3 Nc6 4. Bg2 g6 5. d3 Bg7 6. e4 d6 7. Nge2 Bd7 8. O-O
O-O 9. h3 a6 10. Rb1 Rb8 11. Be3 b5 12. f4 e6 13. Qd2 b4 14. Nd1 e5 15. f5 Nd4
16. g4 Nxe2+ 17. Qxe2 h6 18. g5 hxg5 19. Bxg5 Qc8 20. Ne3 Nh7 21. Nd5 Re8 22.
Ne7+ Rxe7 23. Bxe7 Bf8 24. fxg6 fxg6 25. Bxf8 Nxf8 26. Rf6 Be6 27. Rbf1 Qd7 28.
Qf2 Qe7 29. Qg3 Rd8 30. h4 Qg7 31. Bh3 Bf5 32. Rxf8+ Rxf8 33. exf5 gxf5 34.
Qxg7+ Kxg7 35. Bxf5 Kh6 36. Be6 Rh8 37. Kf2 Kg7 38. Kg3 Re8 39. Bd5 a5 40. Rf7+
Kg6 41. Rd7 1-0

[Event "SR 3. liga A2 2013/2014"]
[Site "?"]
[Date "2013.10.27"]
[Round "2.2"]
[White "Pivacek, Jozef"]
[Black "Slaby, Jozef"]
[Result "1/2-1/2"]
[WhiteElo "1000"]
[BlackElo "1874"]
[PlyCount "73"]
[EventDate "2013.??.??"]

1. e4 c6 2. d4 d5 3. e5 e6 4. f4 g6 5. Nf3 Ne7 6. Be2 Nf5 7. O-O c5 8. c3 Nc6
9. g4 Ng7 10. Be3 b6 11. Nbd2 h5 12. g5 Nf5 13. Bf2 Bd7 14. Re1 cxd4 15. cxd4
a6 16. a3 b5 17. b4 Be7 18. Nb3 O-O 19. Nh4 Ng7 20. Qd2 Qb6 21. Nc5 Bxc5 22.
dxc5 Qc7 23. Bd3 Ne7 24. Qe2 Bc6 25. Reb1 Qb7 26. Bc2 Rfd8 27. Bd4 Qd7 28. Bd3
Nef5 29. Bxf5 exf5 30. Nf3 Ne6 31. Qd2 Qc7 32. Bc3 a5 33. Nd4 Be8 34. Nxe6 fxe6
35. Qd4 axb4 36. Bxb4 Bc6 37. h4 1/2-1/2

[Event "SR 3. liga A2 2013/2014"]
[Site "?"]
[Date "2013.10.27"]
[Round "2.3"]
[White "Jozefek, Michal"]
[Black "Nicolini, Alexander"]
[Result "1-0"]
[WhiteElo "2168"]
[BlackElo "2151"]
[PlyCount "97"]
[EventDate "2013.??.??"]

1. d4 Nf6 2. c4 c5 3. d5 e5 4. Nc3 d6 5. e4 g6 6. Be2 a6 7. Nf3 Bg7 8. O-O Nh5
9. Re1 O-O 10. a3 Nf4 11. Bf1 h6 12. b4 b6 13. Rb1 f5 14. Rb3 g5 15. Nd2 g4 16.
exf5 Bxf5 17. Nde4 Qc7 18. Be3 Nd7 19. Ng3 h5 20. Nxf5 Rxf5 21. Ne4 Nf6 22.
Nxf6+ Rxf6 23. bxc5 bxc5 24. g3 Ng6 25. Qb1 e4 26. Qxe4 Ne5 27. Reb1 Raf8 28.
Rb7 Qa5 29. Bf4 Qc3 30. Be2 R8f7 31. Rxf7 Rxf7 32. h3 Qd4 33. Rb8+ Rf8 34.
Rxf8+ Kxf8 35. Qxd4 cxd4 36. Bxe5 Bxe5 37. hxg4 hxg4 38. Bxg4 d3 39. Kg2 Ke7
40. f4 Bb2 41. a4 Kd8 42. Bd1 Kc7 43. Kf3 Kb6 44. Ke3 d2 45. Kxd2 Kc5 46. Kd3
Bd4 47. g4 Bf2 48. g5 Bg3 49. Ke4 1-0

[Event "SR 3. liga A2 2013/2014"]
[Site "?"]
[Date "2013.10.27"]
[Round "2.3"]
[White "Doucha, Ludvik"]
[Black "Kapusta, Petr"]
[Result "1-0"]
[WhiteElo "2039"]
[BlackElo "2139"]
[PlyCount "117"]
[EventDate "2013.??.??"]

1. e4 c5 2. c4 g6 3. Ne2 Bg7 4. d4 cxd4 5. Nxd4 Nc6 6. Be3 Nf6 7. Nc3 O-O 8.
Be2 d6 9. O-O Bd7 10. Rc1 Nxd4 11. Bxd4 Bc6 12. f3 Nd7 13. Be3 Nc5 14. b4 Ne6
15. f4 Bxc3 16. Rxc3 Bxe4 17. Bf3 Bc6 18. f5 Ng7 19. fxg6 hxg6 20. b5 Bxf3 21.
Qxf3 Nf5 22. Bf2 Qd7 23. g4 Ng7 24. Be3 a6 25. a4 axb5 26. axb5 Ra2 27. Bh6 d5
28. Rd3 Qc7 29. Bf4 Qxc4 30. Qxd5 Qxd5 31. Rxd5 Ne6 32. Rd7 Rc8 33. Bg3 Rcc2
34. Rxe7 Ng5 35. Re8+ Kh7 36. Be5 f6 37. Re7+ Kh6 38. Bg3 Nh3+ 39. Kh1 Kg5 40.
Rxb7 Kxg4 41. Rh7 g5 42. Rf7 Nf2+ 43. Kg1 Ne4 44. Bc7 Nc3 45. Rh7 Ne2+ 46. Kh1
Nf4 47. b6 Rf2 48. Rg1+ Kf3 49. b7 Rg2 50. Rf1+ Raf2 51. Rb1 Rb2 52. b8=Q Rxb8
53. Bxb8 Ra2 54. Ra7 Rc2 55. Ra3+ Ke2 56. Bxf4 gxf4 57. Rbb3 f5 58. Rf3 Rc4 59.
Kg2 1-0

[Event "SR 3. liga A2 2013/2014"]
[Site "?"]
[Date "2013.10.27"]
[Round "2.3"]
[White "Stanec, Stanislav"]
[Black "Sturdik, Igor"]
[Result "1-0"]
[WhiteElo "2195"]
[BlackElo "2017"]
[PlyCount "121"]
[EventDate "2013.??.??"]

1. e4 Nf6 2. e5 Nd5 3. d4 d6 4. exd6 exd6 5. Nf3 Be7 6. Be2 O-O 7. O-O Bg4 8.
c3 Nc6 9. Na3 Re8 10. Nc2 Qd7 11. Ne3 Nxe3 12. Bxe3 d5 13. Re1 h6 14. Rc1 Bf6
15. Bd3 Rad8 16. Bc2 Ne7 17. h3 Bf5 18. Bf4 Bxc2 19. Qxc2 Ng6 20. Bg3 c6 21.
Qa4 a6 22. Qb3 Qc8 23. Qc2 Rxe1+ 24. Rxe1 Re8 25. Rxe8+ Qxe8 26. Kf1 Kf8 27. h4
Qe6 28. Qe2 Qxe2+ 29. Kxe2 h5 30. Bd6+ Ke8 31. g3 Kd7 32. Ba3 Ke6 33. Nd2 Kf5
34. Kf3 Be7 35. Bxe7 Nxe7 36. Nb3 b6 37. Nc1 f6 38. Nd3 a5 39. Nf4 g6 40. Ng2
g5 41. Ne3+ Kg6 42. Ng2 Nf5 43. hxg5 fxg5 44. Ne1 Ne7 45. Nd3 Kf5 46. Ne5 a4
47. g4+ hxg4+ 48. Nxg4 Ng6 49. Ne3+ Kf6 50. c4 dxc4 51. Nxc4 b5 52. Na5 Ne7 53.
Ke4 Ke6 54. Nxc6 Nd5 55. Nd8+ Kd6 56. Nf7+ Kc6 57. Nxg5 Nb4 58. a3 Nc2 59. d5+
Kd7 60. Ne6 Kd6 61. Nd4 1-0

[Event "SR 3. liga A2 2013/2014"]
[Site "?"]
[Date "2013.10.27"]
[Round "2.3"]
[White "Lukacovic, Miroslav"]
[Black "Strakac, Petr"]
[Result "0-1"]
[WhiteElo "2003"]
[BlackElo "2090"]
[PlyCount "88"]
[EventDate "2013.??.??"]

1. d4 f5 2. c4 Nf6 3. Nc3 e6 4. a3 Be7 5. Nf3 O-O 6. g3 b6 7. Bg2 Bb7 8. O-O h6
9. d5 exd5 10. cxd5 a6 11. Nh4 Ne8 12. d6 Nxd6 13. Bxb7 Nxb7 14. Qd5+ Rf7 15.
Qxb7 Nc6 16. Ng6 Ra7 17. Qxa7 Nxa7 18. Ne5 Rf8 19. Rd1 d6 20. Ng6 Re8 21. Be3
Kh7 22. Nf4 Bf6 23. Rac1 Bxc3 24. Rxc3 c5 25. b4 Qc7 26. Rcd3 Nc8 27. bxc5 bxc5
28. Rd5 g5 29. Ng2 Kg6 30. Bc1 Re6 31. Ne3 Ne7 32. R5d2 Qc6 33. Bb2 f4 34. Nc4
Nc8 35. Rxd6 Nxd6 36. Rxd6 Qxd6 37. Nxd6 Rxd6 38. gxf4 gxf4 39. Be5 Rd1+ 40.
Kg2 Kf5 41. Bg7 c4 42. Kf3 Rb1 43. Bxh6 c3 44. Bxf4 c2 0-1

[Event "SR 3. liga A2 2013/2014"]
[Site "?"]
[Date "2013.10.27"]
[Round "2.3"]
[White "Hudacek, Josef"]
[Black "Krist, Milan"]
[Result "0-1"]
[WhiteElo "2040"]
[BlackElo "1946"]
[PlyCount "146"]
[EventDate "2013.??.??"]

1. e4 c6 2. d4 d5 3. Nd2 e6 4. Ngf3 Nf6 5. Bd3 Be7 6. O-O O-O 7. c3 dxe4 8.
Nxe4 Nbd7 9. Be3 Nxe4 10. Qc2 f5 11. Bxe4 fxe4 12. Qxe4 Nf6 13. Qc2 Ng4 14. Bd2
Qd6 15. h3 Rxf3 16. hxg4 Rf7 17. Rae1 Bd7 18. Re5 Bf6 19. Re3 g6 20. f4 Raf8
21. Ref3 a6 22. b4 Qd5 23. Be3 Bg7 24. a3 Qc4 25. R1f2 b5 26. Bc1 Ra8 27. Rh3
a5 28. Kh2 axb4 29. axb4 Ra1 30. Qb2 Ra4 31. Rhf3 Rf8 32. Qd2 Rfa8 33. Bb2 Ra2
34. Qc1 Rf8 35. Rd2 Rf7 36. Rff2 Bf8 37. Qb1 Ra8 38. Qe4 Qd5 39. Qe3 Bd6 40. g3
Qc4 41. Qe4 Raf8 42. Qe3 Ra8 43. Qe4 Ra2 44. Qc2 Rf8 45. Qe4 Qd5 46. Qe3 Kg7
47. Kg1 Rfa8 48. Qe1 Qb3 49. Qe4 Qd5 50. Qb1 Qb3 51. Qd3 Bxb4 52. cxb4 Rxb2 53.
f5 Qxd3 54. f6+ Kf7 55. Rxd3 Rxf2 56. Kxf2 Kxf6 57. Rf3+ Ke7 58. Rb3 Kd6 59.
Ke3 Kd5 60. Kd3 e5 61. dxe5 Kxe5 62. Ke3 Be6 63. Rc3 Bd5 64. Rc1 Rf8 65. Re1
Rf3+ 66. Ke2 Rb3 67. Kf2+ Kd6 68. Ra1 Rxb4 69. Ra7 Rxg4 70. Rxh7 b4 71. Rb7 b3
72. Rb8 Kc5 73. Rb7 Rb4 0-1

[Event "SR 3. liga A2 2013/2014"]
[Site "?"]
[Date "2013.10.27"]
[Round "2.3"]
[White "Bukovsky, Milan"]
[Black "Kubis, Ivan"]
[Result "0-1"]
[WhiteElo "1930"]
[BlackElo "1992"]
[PlyCount "138"]
[EventDate "2013.??.??"]

1. d4 Nf6 2. Nf3 e6 3. c4 b6 4. g3 Ba6 5. b3 Bb4+ 6. Bd2 Be7 7. Nc3 d5 8. cxd5
exd5 9. Bg2 O-O 10. O-O Bb7 11. Qc2 Nbd7 12. Rfd1 Rc8 13. e3 c5 14. Qb2 Re8 15.
Rac1 Bd6 16. Nb5 Bb8 17. dxc5 bxc5 18. Bc3 a6 19. Na3 Qe7 20. Nc2 g6 21. b4 Ne4
22. Be1 c4 23. a3 Ne5 24. Nxe5 Bxe5 25. Nd4 Bg7 26. Qe2 h5 27. Bxe4 Qxe4 28.
Bc3 Rc7 29. Qf3 Qe7 30. a4 Rd8 31. b5 Rcc8 32. Nc6 Bxc6 33. bxc6 Bxc3 34. Rxc3
Qb4 35. Qf6 Qxa4 36. Rcc1 Qxc6 37. Qc3 Rb8 38. Qa5 Qb5 39. Qc7 Rbc8 40. Qe5 Qc6
41. Rd2 Rb8 42. Rdc2 Rb5 43. Qd4 Qb6 44. Qc3 Rb1 45. e4 Rxc1+ 46. Rxc1 dxe4 47.
Qxc4 e3 48. Rf1 exf2+ 49. Rxf2 Rd1+ 50. Kg2 Qb7+ 51. Kh3 Qd7+ 52. Kg2 Qd5+ 53.
Qxd5 Rxd5 54. Rf6 a5 55. Ra6 Rf5 56. h3 Kf8 57. Ra7 Ke8 58. g4 hxg4 59. hxg4
Rg5 60. Kf3 f5 61. gxf5 Rxf5+ 62. Kg4 Rb5 63. Rg7 g5 64. Ra7 Kd8 65. Kf3 Kc8
66. Ke3 Kb8 67. Rg7 a4 68. Kd3 a3 69. Kc4 Ra5 0-1

[Event "SR 3. liga A2 2013/2014"]
[Site "?"]
[Date "2013.10.27"]
[Round "2.3"]
[White "Vepy, Ivan"]
[Black "Mosny, Jaroslav"]
[Result "0-1"]
[WhiteElo "1926"]
[BlackElo "1916"]
[PlyCount "82"]
[EventDate "2013.??.??"]

1. e4 e5 2. Bc4 Nc6 3. a3 Nf6 4. Nc3 Be7 5. d3 O-O 6. Nf3 d6 7. h3 Be6 8. Nd5
Nd4 9. Ba2 Nxd5 10. exd5 Nxf3+ 11. Qxf3 Bd7 12. Qh5 f5 13. Bd2 g6 14. Qe2 Bg5
15. O-O-O Qf6 16. Kb1 Bxd2 17. Qxd2 Kg7 18. f4 exf4 19. Qxf4 Rae8 20. Qc4 Re2
21. Bb3 Rf7 22. Rhg1 f4 23. Rdf1 g5 24. Rf3 Bf5 25. g3 Re3 26. Rxe3 fxe3 27.
Re1 Re7 28. g4 Bg6 29. Ka2 Bf7 30. Qc3 Be8 31. Kb1 Qxc3 32. bxc3 Bd7 33. d4 h5
34. gxh5 Bxh3 35. Bc4 Bg4 36. Be2 Bxe2 37. Rxe2 Kh6 38. c4 Kxh5 39. Kc1 Kg4 40.
Rg2+ Kf3 41. Rxg5 e2 0-1

[Event "SR 3. liga A2 2013/2014"]
[Site "?"]
[Date "2013.10.27"]
[Round "2.3"]
[White "Puskas, Miroslav"]
[Black "Jarabek, Milan"]
[Result "1/2-1/2"]
[WhiteElo "1886"]
[BlackElo "1744"]
[PlyCount "48"]
[EventDate "2013.??.??"]

1. e4 c5 2. Nf3 d6 3. d4 cxd4 4. Nxd4 Nf6 5. Nc3 a6 6. Be2 e5 7. Nb3 Be6 8. O-O
Be7 9. Kh1 Nbd7 10. f4 exf4 11. Bxf4 Ne5 12. Qd2 O-O 13. Rad1 Qc7 14. Qc1 Rfd8
15. Nd4 Rac8 16. Nxe6 fxe6 17. Rd4 b5 18. Bxe5 dxe5 19. Rxd8+ Rxd8 20. a3 Qc6
21. Bf3 b4 22. axb4 Bxb4 23. Rd1 Rxd1+ 24. Nxd1 Qd6 1/2-1/2

[Event "SR 3. liga A2 2013/2014"]
[Site "?"]
[Date "2013.10.27"]
[Round "2.4"]
[White "Schmikli, Laszlo"]
[Black "Liptak, Dusan"]
[Result "1-0"]
[WhiteElo "2244"]
[BlackElo "2108"]
[PlyCount "79"]
[EventDate "2013.??.??"]

1. f4 g6 2. Nf3 Bg7 3. g3 d6 4. Bg2 e5 5. d3 Nc6 6. O-O Nh6 7. e4 O-O 8. c3
exf4 9. gxf4 f5 10. Ng5 Kh8 11. Qb3 Qf6 12. Na3 Re8 13. Bd2 a5 14. Rae1 a4 15.
Qd1 fxe4 16. dxe4 Bg4 17. Qc2 Qe7 18. Nb5 Nf7 19. Nf3 Be6 20. b3 Qd7 21. c4
axb3 22. axb3 Rf8 23. Bc3 Nh6 24. Ng5 Bg4 25. h3 Bh5 26. Bxg7+ Kxg7 27. Nxc7
Kg8 28. Nxa8 Rxa8 29. Qc3 Qd8 30. e5 dxe5 31. Bd5+ Kh8 32. h4 Qd7 33. fxe5 Qg4+
34. Bg2 Ra2 35. e6+ Nd4 36. Qh3 Ne2+ 37. Rxe2 Rxe2 38. Nf7+ Nxf7 39. Qxg4 Bxg4
40. exf7 1-0

[Event "SR 3. liga A2 2013/2014"]
[Site "?"]
[Date "2013.10.27"]
[Round "2.4"]
[White "Kovacocy, Pavel"]
[Black "Ivan, Imrich"]
[Result "1-0"]
[WhiteElo "2198"]
[BlackElo "2071"]
[PlyCount "57"]
[EventDate "2013.??.??"]

1. e4 e6 2. d3 c5 3. g3 b6 4. Bg2 Bb7 5. Nf3 d5 6. Nbd2 dxe4 7. dxe4 Nf6 8. e5
Ne4 9. Qe2 Nxd2 10. Bxd2 Be7 11. O-O O-O 12. Rfe1 Qc7 13. Bf4 Nc6 14. c3 Rad8
15. h4 Rd7 16. h5 Rfd8 17. h6 g6 18. Bg5 Bxg5 19. Nxg5 Rd2 20. Qf3 Qe7 21. Qf4
Rxb2 22. Rad1 Rd5 23. Bxd5 exd5 24. Rxd5 f5 25. e6 Bc8 26. Rd6 Nd8 27. Rxd8+
Qxd8 28. Qe5 Qe7 29. Nf7 1-0

[Event "SR 3. liga A2 2013/2014"]
[Site "?"]
[Date "2013.10.27"]
[Round "2.4"]
[White "Csefalvay, Stefan"]
[Black "Cechovic, Stefan"]
[Result "0-1"]
[WhiteElo "1852"]
[BlackElo "2140"]
[PlyCount "68"]
[EventDate "2013.??.??"]

1. d4 Nf6 2. Nf3 e6 3. e3 b6 4. Bd3 Bb7 5. Nbd2 d5 6. O-O c5 7. b3 Bd6 8. Bb2
O-O 9. Ne5 Nc6 10. Nxc6 Bxc6 11. Qf3 Rc8 12. Qh3 h6 13. Nf3 c4 14. Be2 b5 15.
Ne5 Qa5 16. Ng4 Ne4 17. Rfd1 Qd8 18. f4 c3 19. Bc1 b4 20. Bf3 f5 21. Ne5 Bxe5
22. dxe5 Qe7 23. a3 a5 24. axb4 axb4 25. Be2 Ra8 26. Rb1 Ra7 27. Bd3 Rfa8 28.
Qf3 Ra1 29. Rxa1 Rxa1 30. g3 Qa7 31. Kg2 Nc5 32. Qe2 Qb6 33. h3 Ra2 34. Qf1
Nxb3 0-1

[Event "SR 3. liga A2 2013/2014"]
[Site "?"]
[Date "2013.10.27"]
[Round "2.4"]
[White "Sarmir, Milos"]
[Black "Vizvari, Ludovit"]
[Result "0-1"]
[WhiteElo "2075"]
[BlackElo "1996"]
[PlyCount "74"]
[EventDate "2013.??.??"]

1. e4 c5 2. Nf3 e6 3. d4 cxd4 4. Nxd4 a6 5. c4 Nf6 6. Bd3 Nc6 7. Nxc6 dxc6 8.
O-O e5 9. Qe2 Qc7 10. Bg5 Be7 11. Nc3 Be6 12. Kh1 h6 13. Be3 Ng4 14. Bd2 Rd8
15. f3 Qd6 16. Nd5 cxd5 17. exd5 e4 18. fxg4 exd3 19. Qf3 Bxd5 20. cxd5 Qxd5
21. Qe3 O-O 22. Qxe7 Rfe8 23. Qc7 Re2 24. Rf3 Rxd2 25. Qc3 Rc2 26. Qe1 d2 27.
Qd1 Rdc8 28. Rc3 R8xc3 29. bxc3 Qd3 30. h3 Qxc3 31. Kh2 Rc1 32. Qe2 Rxa1 33.
Qe8+ Kh7 34. Qe4+ g6 35. Qf4 Kg7 36. g5 hxg5 37. Qxg5 d1=Q 0-1